Dirigir en el siglo XXI : estudio basado en una encuesta realizada a más de 1000 directivos españoles /

Investigación que, a partir de una encuesta aplicada a 1053 directivos empresariales en España, de febrero a abril de 2000, ofrece un perfil del directivo medio en el país, incluida la visión que el gremio mismo tiene de lo que debería ser ese perfil en el futuro.

Gespeichert in:
Bibliographische Detailangaben
Weitere Verfasser: Adell Argilés, Ramón (edición) (edición)
Format: Buch
Sprache:Spanisch
Veröffentlicht: Barcelona, España : Deusto : Fundación Española de Directivos, 2002, c2002
Schlagworte:
Tags: Tag hinzufügen
Keine Tags, Fügen Sie das erste Tag hinzu!

MARC

LEADER 00000nam^a2200000^a^4500
001 000191451
005 20250521000000.0
009 20260310102528.181
020 |a 84-234-1911-8 
037 |a Acervo ITESO - Biblioteca 
041 |a ESP 
082 |a 658. 40946  |b DIR 
245 0 0 |a Dirigir en el siglo XXI :  |b estudio basado en una encuesta realizada a más de 1000 directivos españoles /  |c Ed. de R. Adell Argilés... [et al.]. 
264 4 |a Barcelona, España :  |b Deusto :  |b Fundación Española de Directivos,  |c 2002, c2002 
300 |a 186 p. 
336 |a texto  |b txt  |2 rdacontenido 
337 |a sin mediación  |b n  |2 rdamedio 
338 |a volumen  |b nc  |2 rdasoporte 
520 |a Investigación que, a partir de una encuesta aplicada a 1053 directivos empresariales en España, de febrero a abril de 2000, ofrece un perfil del directivo medio en el país, incluida la visión que el gremio mismo tiene de lo que debería ser ese perfil en el futuro. 
649 |a XX 
650 |a Gerentes y Jefes -  |z España -  |x Tema Principal 
650 |a Formación y Capacitación Laboral -  |z España 
650 |a Desarrollo Profesional -  |z España 
650 |a Proceso Administrativo -  |z España -  |x Dirección 
650 |a Proceso Administrativo -  |x Dirección -  |x Tema Principal 
650 |a Administración 
650 |a Ciencias Administrativas 
700 |a Adell Argilés, Ramón  |e (edición) 
910 |a Fondo General 
920 |a Impresos - Libros 
930 |a Colección General 
905 |a 101 
901 |a 0500135223  |b IT1  |c ACC  |u 20250521 
902 |a https://opac.biblio.iteso.mx/vufind/Record/000191451